000 00885nam a22002177a 4500
003 OSt
005 20170608093108.0
008 150408b xxu||||| |||| 00| 0 eng d
040 _cBMC
082 _a721
100 1 _939306
_aHerrarte Vásquez, Cindi Edilia
245 1 0 _aPasantía en Grupo Florescobar S.A. de C.V.
_b: Informe final
_cCindi Edilia Herrarte Vásquez
260 _aSanta Ana (El Salvador)
_bUniversidad Católica de El Salvador
_c2016
300 _a172 h.
_bil. col
_c28 cm
_e+ 1 disco compacto
500 _aPrecede al tít.: Universidad Católica de El Salvador, Facultad de Ingeniería y Arquitectura
502 _aPara optar al título de Arquitecta
650 2 4 _98971
_aDiseño arquitectónico
650 2 4 _94860
_aProyectos de arquitectura
710 2 _91166
_aUniversidad Católica de El Salvador
_bFacultad de Ingeniería y Arquitectura
942 _2ddc
_cTG
999 _c25356
_d25356